| 000 | 00354nam a2200145Ia 4500 | ||
|---|---|---|---|
| 008 | 230917s9999||||xx |||||||||||||| ||und|| | ||
| 040 |
_e30337 _aMAIN |
||
| 041 | _aEnglish | ||
| 082 | _a709.54 M778R | ||
| 100 | _aMookerjee, Ajit | ||
| 245 | 0 | _aRitual arts of India | |
| 260 |
_aNew Delhi _bTime less _c1985 |
||
| 300 | _a176,135illus p. | ||
| 942 | _cBK | ||
| 999 |
_c100875 _d100875 |
||